[Real decreto (Record no. 170927)

MARC details
000 -LEADER
campo de control de longitud fija 00819nam a22001815i 4500
001 - NÚMERO DE CONTROL
campo de control 170927
003 - IDENTIFICADOR DE NÚMERO DE CONTROL
campo de control ES-MaACL
005 - FECHA Y HORA DE LA ÚLTIMA TRANSACCIÓN
campo de control 20230906214511.0
008 - DATOS DE LONGITUD FIJA--INFORMACIÓN GENERAL
campo de control de longitud fija 090417s1856 sp |||| | spa d
110 2# - ENTRADA PRINCIPAL--NOMBRE DE ENTIDAD CORPORATIVA
Nombre de entidad corporativa o nombre de jurisdicción como elemento de entrada España.
Unidad subordinada Ministerio de Hacienda.
9 (RLIN) 3874
245 11 - MENCIÓN DEL TÍTULO
Título [Real decreto
Resto del título : De conformidad con el parecer del Consejo de Ministros, vengo en autorizar al de Hacienda para que someta á la deliberación de las Cortes constitutyentes un proyecto de ley sobre reforma de los aranceles de Aduanas. Dado en Palacio á siete de Marzo de mil ochocientos cincuenta y seis...].
260 ## - PUBLICACIÓN, DISTRIBUCIÓN, ETC.
Lugar de publicación, distribución, etc. [S.l. :
Nombre del editor, distribuidor, etc. s.n.,
Fecha de publicación, distribución, etc. 1856?]
300 ## - DESCRIPCIÓN FÍSICA
Extensión 29 p. ;
Dimensiones 32 cm.
500 ## - NOTA GENERAL
Nota general Tít. tomado del principio del texto.
596 ## - NOTA AL PIE DE IMPRENTA
NOTA AL PIE DE IMPRENTA Sin portada.
650 #4 - PUNTO DE ACCESO ADICIONAL DE MATERIA--TÉRMINO DE MATERIA
Término de materia o nombre geográfico como elemento de entrada Aranceles de aduanas-
Subdivisión geográfica España-
Subdivisión cronológica S.XIX.
9 (RLIN) 9930
852 ## - LOCALIZACIÓN
Ubicación ES-MaACL
Número de control de estantería T-1275-F-7
Holdings
Estatus retirado Estado de pérdida Estado de daño No para préstamo Colección Biblioteca de origen Biblioteca actual Ubicación en estantería Fecha de adquisición Fuente de adquisición Total de préstamos Signatura topográfica completa Código de barras Visto por última vez Precio de reemplazo Tipo de ítem Koha
        Colección de folletos Biblioteca del Ateneo de Madrid Biblioteca del Ateneo de Madrid Depósito folletos 17/04/2009     T-1275-F-7 1179388 23/02/2023 23/02/2023 Folleto